000 00489nam a2200181Ia 4500
001 2711
005 20260306144827.0
008 260306t2020||||xx |||||||||||||| ||spa||
041 _aESP
082 _a214.8
_bS55
100 _aSilva, Ignacio,
_eAUT
245 0 _aLa providencia humana y divina :
_baproximaciones desde la filosofía, la psicología y la teología
260 _c2020
300 _a296 páginas :
_c20 cm.
650 _aGEN
654 _aCHU
942 _cLIB
_dJUS
_fJUS
_2ddc
_n
999 _c2711
_d2711